The art of computer programming / (Record no. 22844)
[ view plain ]
| 000 -LEADER | |
|---|---|
| fixed length control field | 01795cam a22005295a 4500 |
| 001 - CONTROL NUMBER | |
| control field | 015668513 |
| 003 - CONTROL NUMBER IDENTIFIER | |
| control field | Uk |
| 005 - DATE AND TIME OF LATEST TRANSACTION | |
| control field | 20161025111923.0 |
| 008 - FIXED-LENGTH DATA ELEMENTS--GENERAL INFORMATION | |
| fixed length control field | 101004k20111997njua frd 001 0 eng|d |
| 015 ## - NATIONAL BIBLIOGRAPHY NUMBER | |
| National bibliography number | GBB0C1820 |
| Source | bnb |
| 016 7# - NATIONAL BIBLIOGRAPHIC AGENCY CONTROL NUMBER | |
| Record control number | 015668513 |
| Source | Uk |
| 020 ## - INTERNATIONAL STANDARD BOOK NUMBER | |
| International Standard Book Number | 9780321751041 (set) |
| 020 ## - INTERNATIONAL STANDARD BOOK NUMBER | |
| International Standard Book Number | 0321751043 (set) |
| 020 ## - INTERNATIONAL STANDARD BOOK NUMBER | |
| International Standard Book Number | 9780201896831 (v. 1) |
| 020 ## - INTERNATIONAL STANDARD BOOK NUMBER | |
| International Standard Book Number | 0201896834 (v. 1) |
| 020 ## - INTERNATIONAL STANDARD BOOK NUMBER | |
| International Standard Book Number | 9780201896848 (v. 2) |
| 020 ## - INTERNATIONAL STANDARD BOOK NUMBER | |
| International Standard Book Number | 0201896842 (v. 2) |
| 020 ## - INTERNATIONAL STANDARD BOOK NUMBER | |
| International Standard Book Number | 9780201896855 (v. 3) |
| 020 ## - INTERNATIONAL STANDARD BOOK NUMBER | |
| International Standard Book Number | 0201896850 (v. 3) |
| 020 ## - INTERNATIONAL STANDARD BOOK NUMBER | |
| International Standard Book Number | 9780201038040 (v. 4a) |
| 020 ## - INTERNATIONAL STANDARD BOOK NUMBER | |
| International Standard Book Number | 0201038048 (v. 4a) |
| 040 ## - CATALOGING SOURCE | |
| Original cataloging agency | StDuBDS |
| Language of cataloging | eng |
| Transcribing agency | StDuBDS |
| Modifying agency | EG-ScBUE |
| -- | Uk |
| 042 ## - AUTHENTICATION CODE | |
| Authentication code | ukblsr |
| 082 04 - DEWEY DECIMAL CLASSIFICATION NUMBER | |
| Edition number | 22 |
| Classification number | 005.1 |
| Item number | KNU |
| 100 1# - MAIN ENTRY--PERSONAL NAME | |
| Personal name | Knuth, Donald Ervin, |
| Dates associated with a name | 1938- |
| 9 (RLIN) | 41612 |
| 245 14 - TITLE STATEMENT | |
| Title | The art of computer programming / |
| Statement of responsibility, etc | Donald E. Knuth. |
| 246 34 - VARYING FORM OF TITLE | |
| Title proper/short title | Art of computer programming. Volumes 1-4a |
| 250 ## - EDITION STATEMENT | |
| Edition statement | 3rd ed., updated and revised ed., Volume 1, 2. |
| 250 ## - EDITION STATEMENT | |
| Edition statement | 2nd ed., updated and revised ed., Volume 3. |
| 250 ## - EDITION STATEMENT | |
| Edition statement | Extended and refined ed., Volume 4. |
| 260 ## - PUBLICATION, DISTRIBUTION, ETC. (IMPRINT) | |
| Place of publication, distribution, etc | Upper Saddle River, New Jersey : |
| Name of publisher, distributor, etc | Addison-Wesley, |
| Date of publication, distribution, etc | 1997-2011 |
| Date of manufacture | (2012 printing) |
| 300 ## - PHYSICAL DESCRIPTION | |
| Extent | 4 v. : |
| Other physical details | ill. ; |
| Dimensions | 25 cm. |
| 500 ## - GENERAL NOTE | |
| General note | Includes glossaries |
| 500 ## - GENERAL NOTE | |
| General note | Includes indexes |
| 500 ## - GENERAL NOTE | |
| General note | Title from slip case. |
| 500 ## - GENERAL NOTE | |
| General note | Vol. 1-2: 3rd ed. |
| 500 ## - GENERAL NOTE | |
| General note | Vol. 3: 2nd ed. |
| 500 ## - GENERAL NOTE | |
| General note | Vol. 4a: 1st ed. |
| 500 ## - GENERAL NOTE | |
| General note | In slip case. |
| 505 0# - FORMATTED CONTENTS NOTE | |
| Formatted contents note | v. 1. Fundamental algorithms -- v. 2. Seminumerical algorithms -- v. 3. Sorting and searching -- v. 4a., pt.1 Combinatorial algorithms. |
| 590 ## - LOCAL NOTE (RLIN) | |
| Local note | Wessam |
| 650 #7 - SUBJECT ADDED ENTRY--TOPICAL TERM | |
| Topical term or geographic name as entry element | Computer programming. |
| Source of heading or term | BUEsh |
| 9 (RLIN) | 3821 |
| 650 #7 - SUBJECT ADDED ENTRY--TOPICAL TERM | |
| Topical term or geographic name as entry element | Computer algorithms. |
| Source of heading or term | BUEsh |
| 9 (RLIN) | 10553 |
| 651 ## - SUBJECT ADDED ENTRY--GEOGRAPHIC NAME | |
| Source of heading or term | BUEsh |
| 653 ## - INDEX TERM--UNCONTROLLED | |
| Resource For college | Informatics and Computer Science |
| Arrived date list | October2016 |
| 942 ## - ADDED ENTRY ELEMENTS (KOHA) | |
| Source of classification or shelving scheme | Dewey Decimal Classification |
| Edition | 22 |
| Call number prefix | 005.1 KNU |
| Withdrawn status | Item status | Source of classification or shelving scheme | Damaged status | Not for loan | Vendor | Home library | Current library | Shelving location | Date acquired | Source of acquisition | Cost, normal purchase price | Serial Enumeration / chronology | Total Checkouts | Full call number | Barcode | Date last seen | Cost, replacement price | Koha item type | Public note |
|---|---|---|---|---|---|---|---|---|---|---|---|---|---|---|---|---|---|---|---|
| Dewey Decimal Classification | Baccah | Central Library | Central Library | Ground Floor | 25/10/2016 | Purchase | 2000.00 | 3650 | 005.1 KNU | 000034490 | 15/07/2025 | 2500.00 | Reference (NB) | Vol.1 | |||||
| Dewey Decimal Classification | Baccah | Central Library | Central Library | Ground Floor | 25/10/2016 | Purchase | 2000.00 | 3650 | 005.1 KNU | 000034489 | 15/07/2025 | 2500.00 | Reference (NB) | Vol.2 | |||||
| Dewey Decimal Classification | Baccah | Central Library | Central Library | Ground Floor | 25/10/2016 | Purchase | 2000.00 | 3650 | 005.1 KNU | 000034488 | 15/07/2025 | 2500.00 | Reference (NB) | Vol.3 | |||||
| Dewey Decimal Classification | Baccah | Central Library | Central Library | Ground Floor | 25/10/2016 | Purchase | 2000.00 | 3650 | 005.1 KNU | 000034487 | 15/07/2025 | 2500.00 | Reference (NB) | Vol.4A, pt.1 |